000 00495nam a2200181Ia 4500
001 13207
005 20260306163036.0
008 260306t2000||||xx |||||||||||||| ||spa||
041 _aESP
082 _aS 001.42
_bC12
100 _aCaballero Romero, Alejandro E.
_eAUT
245 0 _aMetodología de la investigación científica:
_bdiseños con hipótesis explicativas
260 _c2000
300 _a296 páginas :
_c21 cm.
650 _aGEN
654 _aCHU
942 _cLIB
_dJUS
_fJUS
_2ddc
_n
999 _c13207
_d13207